Managerial Economics (Record no. 748)

MARC details
000 -LEADER
fixed length control field 00402nam a22001697a 4500
005 - DATE AND TIME OF LATEST TRANSACTION
control field 20180323121009.0
008 - FIXED-LENGTH DATA ELEMENTS--GENERAL INFORMATION
fixed length control field 160513b xxu||||| |||| 00| 0 eng d
020 ## - INTERNATIONAL STANDARD BOOK NUMBER
ISBN 81-7446-289-9
041 ## - LANGUAGE CODE
Language code of text/sound track or separate title eng
082 ## - DEWEY DECIMAL CLASSIFICATION NUMBER
Item number 2056
Classification number 338.5024658
100 ## - MAIN ENTRY--AUTHOR NAME
Personal name ATMANAND
245 ## - TITLE STATEMENT
Title Managerial Economics
260 ## - PUBLICATION, DISTRIBUTION, ETC. (IMPRINT)
Place of publication New Delhi
Name of publisher Excel Books,
Year of publication 2008
300 ## - PHYSICAL DESCRIPTION
Number of Pages 706
650 ## - SUBJECT ADDED ENTRY--TOPICAL TERM
Topical Term Management
942 ## - ADDED ENTRY ELEMENTS (KOHA)
Koha item type Books
Holdings
Lost status Damaged status Collection code Home library Shelving location Date acquired Cost, normal purchase price Full call number Accession Number Koha item type Current library
    MANAGEMENT JRU Library SHELF-60-D 13/05/2016 300.00 338.502 465 8 2056 Books  
    MANAGEMENT JRU Library SHELF-60-D 13/05/2016 300.00 338.502 465 8 2057 Books  
    MANAGEMENT JRU Library   13/05/2016 300.00 338.502 465 8 2058 Books JRU Library
    MANAGEMENT JRU Library SHELF-60-D 13/05/2016 300.00 338.502 465 8 2059 Books JRU Library
    MANAGEMENT JRU Library   13/05/2016 300.00 338.502 465 8 2060 Books JRU Library
    MANAGEMENT JRU Library SHELF-60-D 13/05/2016 300.00 338.502 465 8 2061 Books  
    MANAGEMENT JRU Library SHELF-60-D 13/05/2016 300.00 338.502 465 8 2062 Books JRU Library
    MANAGEMENT JRU Library   13/05/2016 300.00 338.502 465 8 2063 Books JRU Library
    MANAGEMENT JRU Library   13/05/2016 300.00 338.502 465 8 2064 Books JRU Library
    MANAGEMENT JRU Library SHELF-60-D 13/05/2016 300.00 338.502 465 8 2065 Books